000 00326nam a22001337a 4500
020 _qPB.
040 _cFIZZA ISHAQ
082 _a340.0711
_bTES
100 _aPREP,TEST.
_9132492
245 _aLSAT PACING PRACTICE /
_cTEST PREP.
260 _aS-L
_bTEST PREP BOOK;
_c2009.
300 _a504 P. ;
_c10.9X8.2IN
942 _2ddc
_cBK
999 _c615644
_d615644